| 000 | 00547nam a2200241Ia 4500 | ||
|---|---|---|---|
| 008 | 210210b1928 xxu||||| |||| 00| 0 eng d | ||
| 041 | _aeng | ||
| 082 | _a546 BAII | ||
| 100 | _aBAILEY (G H) | ||
| 245 | _aInorganic chemistry: non metals Vol 1 | ||
| 260 |
_aLondon _bW B Clive _c1928 |
||
| 300 | _aviii,488 | ||
| 440 | _a1 | ||
| 650 | _aVol | ||
| 650 | _anon | ||
| 650 | _ametals | ||
| 650 | _aInorganic | ||
| 650 | _achemistry: | ||
| 650 | _a1 | ||
| 690 | _aInorganic Chemistry | ||
| 700 | _aSNELLGROVE (D R) | ||
| 906 | _a009423 | ||
| 999 |
_c140636 _d140636 |
||